Name the homos - Statistics

General Stats
  • This quiz has been taken 12 times
  • The average score is 5 of 19
Answer Stats
Habitat Homo (what?) Discovered / BWL % Correct
Worldwide sapiens - ("us") / S
80%
Europe, W. Asia neanderthalensis 1829 / N
70%
Africa, Eurasia erectus 1891 / E
60%
Tanzania habilis 1960 / H
40%
Siberia (*) Denisovans 2000 / D
30%
W. Europe antecessor 1994 / A
20%
E. & S. Africa ergaster 1949 / E
20%
Indonesia floresiensis 2003 / F
20%
Europe, Africa heidelbergensis 1907 / H
20%
Philippines luzonensis 2007 / L
20%
South Africa naledi 2013 / N
20%
Zambia rhodesiensis 1921 / R
20%
Italy cepranensis 1994 / C
10%
South Africa gautengensis 2010 / G
10%
NE. China longi 1933 / L
10%
Israel (*) Nesher Ramla 2021 / N
10%
Kenya rudolfensis 1972 / R
10%
SW. China (*) Red Deer cave people ? / R
0%
Taiwan tsaichangensis 2008 / T
0%
No matching quizzes found
Score Distribution
Percent of People with Each Score
Percentile by Number Answered
Your Score History
You have not taken this quiz